famous people from the Nordic countries #2 - Statistics

General Stats
  • This quiz has been taken 18 times
  • The average score is 4 of 16
Answer Stats
Picture Answer % Correct
Zlatan Ibrahimovic
82%
Björk
71%
Björn Borg
71%
Dolph Lundgren
41%
Kimi Räikkönen
41%
Jean Sibelius
29%
Benny Andersson
24%
August Strindberg
18%
Vidkun Quisling
18%
Edvard Grieg
12%
Karen Blixen
12%
Raoul Wallenberg
12%
Alicia Vikander
6%
Connie Nielsen
6%
Esa-Pekka Salonen
0%
Roald Amundsen
0%
No matching quizzes found
Score Distribution
Percent of People with Each Score
Percentile by Number Answered
Your Score History
You have not taken this quiz